000 00810nam a2200277 4500
001 20678
003 VRT
005 20260128154530.0
008 241205s2021 xr 000 0 slo c
020 _a9788020619471
_q(viazané)
040 _aSNK
_bslo
_cSNK
_erda
041 0 _aslo
044 _axr
_cCZ
072 7 _2konspekt
080 _22011
100 1 _aPavelková, Kristína,
_d1985-
_4aut
245 1 0 _aHriech minulosti
_cKristína Pavelková
264 1 _aPraha
_bNaše vojsko
_c2021
300 _a222 strán
336 _atext
_btxt
_2rdacontent
337 _abez média
_bn
_2rdamedia
338 _azväzok
_bnc
_2rdacarrier
942 _2ddc
_cKLDO
_n0
949 _asnk
_bsnk
_oVydavatelství a nakladatelství Aleš Čeněk49-ah/14Int. č. fa – 35/2024
999 _c20678
_d20678